000 02998nam0a2200421 4500
001 RU\NLR\BIBL_A\011589962
005 20250626094531.0
020 _aRU
_b10871
_9Сводный каталог листовок первых лет Советской власти (25 октября (7 ноября) 1917 - 1925) Т.4 (Ч.3). Листовки советских, партийных, профсоюзных, комсомольских и других организаций губерний РСФСР
035 _a(NLR Aleph) 011589962
090 _a10832684
_c10832684
100 _a20180111d1919 |||y0rusy50 ca
101 0 _arus
102 _aRU
105 _ay z 000zy
135 _acrcn 024apaba
200 1 _aПриказ № 6 Мелекесского уездного отдела управления, 17-го янв. 1919 г.: [О правилах поведения в общественных местах
_eлистовка
_fМелекесский уезд. Совет р. к. и к. д.]
210 _a[Мелекесс
_cб. и.
_d1919, янв.]
215 _a1 с.
_d27х18
300 _aПодписи: председатель уездного исполнительного комитета Я. Пискалов; заведующий Отдел. управл. Мелекесского у. Лампеев; заместитель зав. Отд. управл. Мелекес. у. И. Кошечкин и др.
325 1 _aКопия доступна в Электронной библиотеке РНБ
517 1 _aО правилах поведения в общественных местах
607 _aРСФСР
_jЛистовки
_xПолитика и управление
_y1917 - 1925
_92312782
_3RU\NLR\auth\6601609564
686 0 _aТ3(2)71-313,011
686 1 _aТ3(2Р-4Ул)712-3,011
702 1 _4720
_4720
_aПискалов
_bЯ. Е.
_cпарт. деятель
_f1888-1953
_gЯков Егорович
_9191226
_3RU\NLR\AUTH\770191277
702 1 _4720
_aЛампеев
_bЕ. Е.
_cдеятель местного управления
_9189887
_3RU\NLR\AUTH\770189938
702 1 _4720
_7ca
_8rus
_aКошечкин
_bИ.
_cучастник установления советской власти, Мелекесс
_9189691
_3RU\NLR\AUTH\770189742
710 0 2 _aМелекесский уездный отдел управления
_9587022
_3RU\NLR\AUTH\880462199
711 0 2 _4570
_aМелекесский уездный Совет рабочих, крестьянских и красноармейских депутатов
_bИсполнительный комитет
_9587024
_3RU\NLR\AUTH\880462200
852 0 0 _aNLR
_bФЛ
_j50/236
942 _cBOOK
980 _aNB
981 2 1 _a(21) Листовки
_b(21) Листовки 1919 года